Somente sua / (Record no. 188)

MARC details
000 -LÍDER
campo de controle de tamanho fixo 01842nam a2200325 4500
001 - NÚMERO DE CONTROLE
campo de controle 188
003 - IDENTIFICADOR DO NÚMERO DE CONTROLE
campo de controle OSt
005 - DATA E HORÁRIO DA ÚLTIMA TRANSAÇÃO
campo de controle 20250528074014.0
008 - CAMPO DE DADOS FIXOS--INFORMAÇÃO GERAL
campo de controle de tamanho fixo 250131b |||||||e |||| 00| 1 eng d
020 ## - ISBN - INTERNATIONAL STANDARD BOOK NUMBER
ISBN - International Standard Book Number 9788565530835
040 ## - FONTE DA CATALOGAÇÃO
Idioma da catalogação por
041 ## - CÓDIGO DE IDIOMA
Código do idioma do original e/ou traduções intermediárias do texto eng
Código do idioma do texto/trilha sonora ou título diferente por
082 ## - CDD - CLASSIFICAÇÃO DECIMAL DE DEWEY
Número de Classificação 813
Número do exemplar D273s
100 1# - ENTRADA PRINCIPAL--NOME PESSOAL
Nome pessoal Day, Sylvia
Datas associadas ao nome 1973-
9 (RLIN) 345
240 ## - TÍTULO UNIFORME
Título uniforme Captivated by you
245 ## - TÍTULO
Título Somente sua /
Indicação de responsabilidade, etc. Day, Sylvia ; Tradução de Alexandre Boide
260 ## - PUBLICAÇÃO, DISTRIBUIÇÃO, ETC.
Local de publicação, distribuição, etc. São Paulo
Nome do editor, distribuidor, etc. Paralela
Data da publicação, distribuição, etc. 2014
300 ## - DESCRIÇÃO FÍSICA
Extensão 281 p.
490 1# - TÍTULO DA SÉRIE
Título da série Crossfire
Número do volume ou designação sequencial da série Livro 04
500 ## - NOTA GERAL
Nota geral Somente sua <br/><br/>Sequência de :Para sempre sua
520 ## - NOTA DE RESUMO, ETC.
Resumo, etc. Gideon me chama de anjo, mas é ele o milagre na minha vida. Meu deslumbrante guerreiro ferido, determinado a destruir meus demônios, ao mesmo tempo em que se recusa a encarar os seus. Os votos que trocamos deveriam ter nos deixado mais próximos do que nunca. Em vez disso, abriram feridas antigas, expuseram dor e insegurança, e atraíram os meus inimigos a sair das sombras. Senti que ele se distanciava. Meus maiores medos pareciam virar realidade; meu amor estava sendo testado, me deixando em dúvida se seria forte o suficiente para aguentar. No momento mais alegre de nossas vidas, a escuridão do passado dele ressurge e ameaça tudo pelo que trabalhamos até agora. Teremos que encarar uma escolha terrível: a segurança da vida que tínhamos antes de nos conhecermos ou um futuro que de repente parece um sonho impossível e sem esperança…<br/><br/>“Só penso em você. Todos os dias, o dia todo. Tudo que faço, faço pensando em você.” – Somente Sua
650 #0 - ASSUNTO--TERMO TÓPICO
Cabeçalho tópico ou nome geográfico Literatura Americana
9 (RLIN) 84
650 #0 - ASSUNTO--TERMO TÓPICO
Cabeçalho tópico ou nome geográfico Amor e Paixão
9 (RLIN) 25
650 #0 - ASSUNTO--TERMO TÓPICO
Cabeçalho tópico ou nome geográfico Erótico
9 (RLIN) 305
655 #0 - TERMO DE ÍNDICE--GÊNERO E FORMA
Gênero/forma/ou termo foco Romance
655 #0 - TERMO DE ÍNDICE--GÊNERO E FORMA
Gênero/forma/ou termo foco Ficção
700 ## - ENTRADA ADICIONADA - NOME PESSOAL
Nome pessoal Alexandre Boidi
Função do autor por extenso Tradutor
9 (RLIN) 248
830 ## - ENTRADA SECUNDÁRIA DE SÉRIE--TÍTULO UNIFORME
Título uniforme Crossfire
Número do volume ou designação sequencial da série Livro 04
9 (RLIN) 346
942 ## - ELEMENTOS DE ENTRADA ADICIONADOS (KOHA)
Fonte de classificação ou esquema de arquivamento Classificação decimal de Dewey
Ocultar no OPAC Não
Tipo de material Koha Livros
Holdings
Situação do descarte Situação das perdas Fonte de classificação ou esquema de arquivamento Materiais especificados (volume encadernado ou outra parte) Status danificado Não pode ser emprestado Coleção Biblioteca de origem Biblioteca atual Localização na estante Data de aquisição Fonte de aquisição Total de empréstimos Número de chamada completo Código de barras Data de último acesso Número do exemplar Data do preço efetivo Tipo de material Koha
    Classificação decimal de Dewey vol. 04     Ficção Biblioteca Professor Eduardo Afonso de Castro Biblioteca Professor Eduardo Afonso de Castro Literatura Estrangeira 15.03.2022 doação   813 / D273s 2025-16569 31.01.2025 Ex. 01 31.01.2025 Livros
    Classificação decimal de Dewey vol. 04     Ficção Biblioteca Professor Eduardo Afonso de Castro Biblioteca Professor Eduardo Afonso de Castro Literatura Estrangeira 07.01.2021 doação   813 / D273s 2025-16500 31.01.2025 Ex. 02 31.01.2025 Livros

Powered by Koha